[Event "Caro-Kann Blitz"]
[Site "SchemingMind.com"]
[Date "2007.12.16"]
[Round "-"]
[White "mmccaffe"]
[Black "jdcald13"]
[Result "0-1"]
[WhiteCountry "USA"]
[BlackCountry "USA"]
[WhiteElo "1567"]
[WhiteRD "55"]
[BlackElo "1948"]
[BlackRD "47"]
[GameID "133509"]

1. e4 c6 2. d4 d5 3. exd5 cxd5 4. Bd3 Nc6 5. c3 Nf6 6. h3 e6 7. Bg5 h6 8. Bf4 Bd6 9. Bxd6 Qxd6 10. Nf3 O-O
11. Nbd2 e5 12. dxe5 Nxe5 13. Nxe5 Qxe5+ 14. Qe2 Qg5 15. O-O-O Re8 16. Qf3 Be6 17. Kb1 d4 18. cxd4 Bd5 19. Qf5 Qxf5 20. Bxf5 Bxg2
21. Rh2 Bd5 22. Bc2 Re2 23. Bb3 Rc8 24. Bxd5 Nxd5 25. Rc1 Rd8 26. Nb3 Nb4 27. Rd1 Rc8 28. Rc1 Rxc1+ 29. Kxc1 Nxa2+ 30. Kb1 Nb4
31. Nc5 Re1#
0-1

[Event "Caro-Kann Blitz"]
[Site "SchemingMind.com"]
[Date "2007.12.16"]
[Round "-"]
[White "jdcald13"]
[Black "mmccaffe"]
[Result "1-0"]
[WhiteCountry "USA"]
[BlackCountry "USA"]
[WhiteElo "1931"]
[WhiteRD "46"]
[BlackElo "1494"]
[BlackRD "66"]
[GameID "133510"]

1. e4 c6 2. d4 d5 3. e5 Bf5 4. g4 Bg6 5. Ne2 e6 6. Nbc3 Be7 7. Be3 Nd7 8. Qd2 c5 9. O-O-O cxd4 10. Bxd4 Bc5
11. h4 h6 12. Nf4 Bh7 13. Bxc5 Nxc5 14. Bb5+ Nd7 15. Nfxd5 a6 16. Bxd7+ Qxd7 17. Nb6
1-0

[Event "Caro-Kann Blitz"]
[Site "SchemingMind.com"]
[Date "2007.12.17"]
[Round "-"]
[White "Daniel Reboredo"]
[Black "jdcald13"]
[Result "0-1"]
[WhiteCountry "ARG"]
[BlackCountry "USA"]
[WhiteElo "1837"]
[WhiteRD "85"]
[BlackElo "1948"]
[BlackRD "47"]
[GameID "133728"]

1. e4 c6 2. d4 d5 3. Nc3 dxe4 4. Nxe4 Nd7 5. Ng5 Ndf6 6. Bc4 e6 7. f3 h6 8. N5h3 Bd6 9. Ne2 Ne7 10. O-O O-O
11. Nf2 Qc7 12. g3 Nfd5 13. Ne4 Nf5 14. Nxd6 Qxd6 15. Bxd5 exd5 16. Qd3 Re8 17. Bf4 Qb4 18. Rab1 Bd7 19. c3 Qc4 20. Qxc4 dxc4
21. Kf2 Ne7 22. Rfe1 Nd5 23. Bd2 Bf5 24. Rbc1 g5 25. f4 g4 26. Ng1 Nf6 27. Be3 a5 28. Kg2 Nd5 29. Bf2 Be4+ 30. Kf1 a4
31. a3 Ra6 32. Rcd1 Rb6 33. Rd2 Bd3+ 34. Kg2 Rxe1 35. Bxe1 Ne3+ 36. Kf2 Nc2
0-1

[Event "Caro-Kann Blitz"]
[Site "SchemingMind.com"]
[Date "2007.12.17"]
[Round "-"]
[White "Daniel Reboredo"]
[Black "mmccaffe"]
[Result "1-0"]
[WhiteCountry "ARG"]
[BlackCountry "USA"]
[WhiteElo "1837"]
[WhiteRD "85"]
[BlackElo "1567"]
[BlackRD "55"]
[GameID "133729"]

1. e4 c6 2. d4 d5 3. Nd2 dxe4 4. Nxe4 Nd7 5. Ng5 Ngf6 6. Bd3 h6 7. Ne6 Qb6 8. Nxf8 Kxf8 9. Nf3 e6 10. O-O Qc7
11. Qe2 Ke7 12. Re1 Re8 13. Bd2 Kf8 14. Bb4+ Kg8 15. Rad1 b6 16. Ba3 Bb7 17. c3 c5 18. dxc5 Nxc5 19. Bxc5 Qxc5 20. Qe3 Qxe3=
21. Rxe3 Rad8 22. Nd4 Nd5 23. Ree1 Nf4 24. Bf1 Bd5 25. g3 Ng6 26. Bb5 Rf8 27. Nc6 Bxc6 28. Bxc6 Ne7 29. Bf3 Ng6= 30. Rxd8 Rxd8
31. Rd1 Rxd1+ 32. Bxd1 f6 33. Kf1 e5 34. Ke1 Kf7 35. Bh5 f5 36. Kd2 Kf6 37. Bxg6 Kxg6 38. Kd3 Kf6 39. Kc4 g5 40. Kd5 f4
41. g4 a6 42. f3 b5 43. b4
1-0

[Event "Caro-Kann Blitz"]
[Site "SchemingMind.com"]
[Date "2007.12.17"]
[Round "-"]
[White "jdcald13"]
[Black "Daniel Reboredo"]
[Result "1-0"]
[WhiteCountry "USA"]
[BlackCountry "ARG"]
[WhiteElo "1948"]
[WhiteRD "47"]
[BlackElo "1837"]
[BlackRD "85"]
[GameID "133730"]

1. e4 c6 2. d4 d5 3. exd5 cxd5 4. c4 dxc4 5. Bxc4 Qc7 6. Qb3 e6 7. Nf3 Nf6 8. O-O Nc6 9. Nc3 a6 10. Bd3 Be7
11. Bg5 O-O 12. Rac1 Qa5 13. Bf4 Nb4 14. Bb1 Nbd5 15. Be5 Qd8 16. a3 Bd6 17. Qc2 g6 18. Nxd5 Nxd5 19. Qd2 Bxe5 20. dxe5 Kg7
21. Ba2 b5 22. Bxd5 exd5 23. Rc5 Be6 24. Nd4 Qd7 25. Rfc1 Rac8 26. b4 Rxc5 27. Rxc5 Rc8 28. Qg5 Rxc5 29. bxc5 Qc8 30. Qe7 Kg8
31. c6
1-0

[Event "Caro-Kann Blitz"]
[Site "SchemingMind.com"]
[Date "2007.12.17"]
[Round "-"]
[White "mmccaffe"]
[Black "Daniel Reboredo"]
[Result "0-1"]
[WhiteCountry "USA"]
[BlackCountry "ARG"]
[WhiteElo "1494"]
[WhiteRD "66"]
[BlackElo "1756"]
[BlackRD "110"]
[GameID "133731"]

1. e4 c6 2. d4 d5 3. exd5 cxd5 4. Bd3 Nf6 5. c3 Bg4 6. Nf3 Nc6 7. h3 Bh5 8. Bf4 Qb6 9. b3 e6 10. Nbd2 Ba3
11. Qc2 Rc8 12. c4 Nb4 13. Qb1 Bb2
0-1

[Event "Caro-Kann Blitz"]
[Site "SchemingMind.com"]
[Date "2007.12.18"]
[Round "-"]
[White "Shaka"]
[Black "jdcald13"]
[Result "0-1"]
[WhiteCountry "VEN"]
[BlackCountry "USA"]
[WhiteElo "1694"]
[WhiteRD "67"]
[BlackElo "1948"]
[BlackRD "47"]
[GameID "133794"]

1. e4 c6 2. d4 d5 3. exd5 cxd5 4. c4 Nf6 5. Nc3 g6 6. Qb3 Bg7 7. cxd5 O-O 8. Nf3 Nbd7 9. Ne5 Nb6 10. a4 Nbxd5
11. Bc4 e6 12. Bg5 Nb6 13. Rd1 Nxc4 14. Qxc4 Qa5 15. O-O Nd5 16. Ng4 Nxc3 17. bxc3 Qxg5
0-1

[Event "Caro-Kann Blitz"]
[Site "SchemingMind.com"]
[Date "2007.12.17"]
[Round "-"]
[White "Shaka"]
[Black "Daniel Reboredo"]
[Result "0-1"]
[WhiteCountry "VEN"]
[BlackCountry "ARG"]
[WhiteElo "1694"]
[WhiteRD "67"]
[BlackElo "1837"]
[BlackRD "85"]
[GameID "133795"]

1. e4 c6 2. d4 d5 3. exd5 cxd5 4. Bd3 Nf6 5. Nf3 Bg4 6. h3 Bh5 7. Bf4 Nc6 8. c3 e6 9. Nbd2 Bd6 10. Bxd6 Qxd6
11. O-O O-O 12. Qc2 Rac8 13. a3 a6 14. Rae1 b5 15. Ne5 Na5 16. Ndf3 Bxf3 17. gxf3 g6
0-1

[Event "Caro-Kann Blitz"]
[Site "SchemingMind.com"]
[Date "2007.12.18"]
[Round "-"]
[White "Shaka"]
[Black "mmccaffe"]
[Result "0-1"]
[WhiteCountry "VEN"]
[BlackCountry "USA"]
[WhiteElo "1694"]
[WhiteRD "67"]
[BlackElo "1567"]
[BlackRD "55"]
[GameID "133796"]

1. e4 c6 2. d4 d5 3. exd5 cxd5 4. c4 Nf6 5. Nc3 e6 6. Nf3 Be7 7. Bf4 Bd6 8. Bxd6 Qxd6 9. Nb5 Qd8 10. c5 O-O
11. Bd3 Nc6 12. O-O g6 13. Nd6 Ne8 14. Nxe8 Qxe8 15. Re1 b6 16. Bb5 bxc5
0-1

[Event "Caro-Kann Blitz"]
[Site "SchemingMind.com"]
[Date "2007.12.17"]
[Round "-"]
[White "jdcald13"]
[Black "Shaka"]
[Result "1-0"]
[WhiteCountry "USA"]
[BlackCountry "VEN"]
[WhiteElo "1948"]
[WhiteRD "47"]
[BlackElo "1694"]
[BlackRD "67"]
[GameID "133797"]

1. e4 c6 2. d4 d5 3. Nc3 dxe4 4. Nxe4 Bf5 5. Ng3 Bg6 6. Bc4 Nf6 7. Nf3 e6 8. O-O Nbd7 9. Bf4 Nb6 10. Bd3 Bxd3
11. Qxd3 Nbd5 12. Be5 Bd6 13. c4 Ne7 14. Bxf6 gxf6 15. Ne4 Ng6 16. Qb3 b6 17. d5 Rg8 18. dxe6 fxe6 19. Rad1
1-0

[Event "Caro-Kann Blitz"]
[Site "SchemingMind.com"]
[Date "2007.12.17"]
[Round "-"]
[White "Daniel Reboredo"]
[Black "Shaka"]
[Result "1-0"]
[WhiteCountry "ARG"]
[BlackCountry "VEN"]
[WhiteElo "1837"]
[WhiteRD "85"]
[BlackElo "1694"]
[BlackRD "67"]
[GameID "133798"]

1. e4 c6 2. d4 d5 3. exd5 cxd5 4. Bd3 Nc6 5. Nf3 Bg4 6. c3 e5 7. dxe5 Nxe5 8. Bb5+ Nd7 9. Qxd5 a6 10. Bxd7+ Bxd7
11. Qxb7 Nf6 12. O-O Be7 13. Bf4 O-O 14. Nbd2
1-0

[Event "Caro-Kann Blitz"]
[Site "SchemingMind.com"]
[Date "2007.12.17"]
[Round "-"]
[White "mmccaffe"]
[Black "Shaka"]
[Result "1-0"]
[WhiteCountry "USA"]
[BlackCountry "VEN"]
[WhiteElo "1567"]
[WhiteRD "55"]
[BlackElo "1694"]
[BlackRD "67"]
[GameID "133799"]

1. e4 c6 2. d4 d5 3. exd5 cxd5 4. Bd3 Nc6 5. c3 Nf6 6. h3 e5 7. dxe5 Nxe5 8. Nf3 Nxd3+ 9. Qxd3 Be7 10. O-O O-O
11. Bf4 Qb6 12. Qc2 Bc5 13. Nbd2 Bd7 14. Nb3 Ba4 15. Rad1 Ne4 16. Ng5 Bxb3 17. axb3
1-0

[Event "Caro-Kann Blitz"]
[Site "SchemingMind.com"]
[Date "2007.12.18"]
[Round "-"]
[White "ZbynioG"]
[Black "jdcald13"]
[Result "1-0"]
[WhiteCountry "POL"]
[BlackCountry "USA"]
[WhiteElo "2090"]
[WhiteRD "78"]
[BlackElo "1948"]
[BlackRD "47"]
[GameID "133808"]

1. e4 c6 2. d4 d5 3. e5 Bf5 4. Nc3 e6 5. g4 Bg6 6. Nge2 Ne7 7. f4 c5 8. h4 cxd4 9. Nxd4 h5 10. Ncb5 Nec6
11. f5 hxg4 12. fxg6 Rxh4 13. Rg1 Nxe5 14. gxf7+ Kxf7 15. Be2 Nbd7 16. Rf1+ Nf6 17. Bg5 Rh5 18. Qd2 a6 19. Qe3 Qb8 20. Nc3 Bb4
21. Bxf6 gxf6 22. Bxg4 Bxc3+ 23. bxc3 Nxg4 24. Qxe6+ Kg6 25. Qxg4+ Rg5 26. Qf3 Qe5+ 27. Kd2 Rg3 28. Qf5+ Qxf5 29. Rxf5 Rg2+ 30. Kd3 Rg3+
31. Rf3 Rxf3+ 32. Nxf3 Rh8 33. Rg1+ Kf7 34. a4 Rh3 35. Ke3 Ke6 36. Rg7 b5 37. Ra7 bxa4 38. Rxa6+ Kf5 39. Rxa4 Rh8 40. Rf4+ Kg6
41. Kd4 Rc8 42. Nd2 f5 43. Rf3 Kg5 44. Rd3 Kg4 45. Kxd5 f4 46. c4
1-0

[Event "Caro-Kann Blitz"]
[Site "SchemingMind.com"]
[Date "2007.12.17"]
[Round "-"]
[White "ZbynioG"]
[Black "Shaka"]
[Result "1-0"]
[WhiteCountry "POL"]
[BlackCountry "VEN"]
[WhiteElo "2090"]
[WhiteRD "78"]
[BlackElo "1694"]
[BlackRD "67"]
[GameID "133809"]

1. e4 c6 2. d4 d5 3. e5 e6 4. Bd3 c5 5. Nf3 cxd4 6. c3 dxc3 7. Nxc3 Bd7 8. O-O Nc6 9. Be3 Nge7 10. Nb5 Ng6
11. Nd6+ Bxd6 12. exd6 Nge5 13. Nxe5 Nxe5 14. Bf4 Nxd3 15. Qxd3 O-O 16. Rac1 Re8 17. Qg3 Qf6 18. Rc7 Bc6 19. d7
1-0

[Event "Caro-Kann Blitz"]
[Site "SchemingMind.com"]
[Date "2007.12.17"]
[Round "-"]
[White "ZbynioG"]
[Black "Daniel Reboredo"]
[Result "1-0"]
[WhiteCountry "POL"]
[BlackCountry "ARG"]
[WhiteElo "2020"]
[WhiteRD "88"]
[BlackElo "1756"]
[BlackRD "110"]
[GameID "133810"]

1. e4 c6 2. d4 d5 3. e5 Bf5 4. Nc3 e6 5. g4 Bg6 6. Nge2 Ne7 7. f4 h5 8. f5 Bh7 9. fxe6 fxe6 10. Nf4 Ng6
11. Nxe6 Qh4+ 12. Kd2 Kd7 13. Nxf8+ Rxf8 14. Na4 Rf2+ 15. Kc3 hxg4 16. Nc5+ Ke7 17. Nd3 Rf7 18. Be2 Na6 19. Bxg4 Raf8 20. b3 Nc7
21. Ba3+
1-0

[Event "Caro-Kann Blitz"]
[Site "SchemingMind.com"]
[Date "2007.12.17"]
[Round "-"]
[White "ZbynioG"]
[Black "mmccaffe"]
[Result "1-0"]
[WhiteCountry "POL"]
[BlackCountry "USA"]
[WhiteElo "2020"]
[WhiteRD "88"]
[BlackElo "1494"]
[BlackRD "66"]
[GameID "133811"]

1. e4 c6 2. d4 d5 3. e5 Bf5 4. Nc3 e6 5. g4 Bg6 6. Nge2 Nd7 7. h4 h6 8. Nf4 Bh7 9. Bd3 Bxd3 10. Qxd3 c5
11. Be3 Qc7 12. O-O-O cxd4 13. Bxd4 Bc5 14. Nb5 Qb6 15. Nd6+ Ke7 16. Bxc5 Nxc5 17. Nxd5+ exd5 18. Qxd5 Qc6 19. Qxf7+
1-0

[Event "Caro-Kann Blitz"]
[Site "SchemingMind.com"]
[Date "2007.12.19"]
[Round "-"]
[White "jdcald13"]
[Black "ZbynioG"]
[Result "0-1"]
[WhiteCountry "USA"]
[BlackCountry "POL"]
[WhiteElo "1948"]
[WhiteRD "47"]
[BlackElo "2090"]
[BlackRD "78"]
[GameID "133812"]

1. e4 c6 2. d4 d5 3. Nc3 dxe4 4. Nxe4 Nf6 5. Nxf6+ gxf6 6. Nf3 Bf5 7. Bd3 Nd7 8. O-O Bg6 9. Qe2 Qc7 10. Bd2 O-O-O
11. c3 e6 12. b4 Bd6 13. b5 c5 14. a4 Bh5 15. h3 Bf4 16. Qe4 Bxd2 17. Nxd2 Ne5 18. Be2 Bg6 19. Qh4 Bd3 20. Bxd3 Nxd3
21. Qxf6 Rhg8 22. Ne4 cxd4 23. cxd4 Qf4 24. Rac1+ Kb8 25. Qxf4+ Nxf4 26. Ng3 Rxd4 27. Ra1 h5 28. h4 Rg4 29. Rfd1 Rxd1+ 30. Rxd1 Nd5
31. Ra1 Rxh4 32. a5 Nf6 33. b6 axb6 34. axb6 Rb4 35. Ra5 Rb1+ 36. Kh2 Ng4+ 37. Kh3 Nxf2+ 38. Kh4 Rxb6 39. Nxh5 Rb4+ 40. Kg5 Ne4+
41. Kh6 b5 42. g4 Nd6 43. Nf6 Ra4
0-1

[Event "Caro-Kann Blitz"]
[Site "SchemingMind.com"]
[Date "2007.12.17"]
[Round "-"]
[White "Shaka"]
[Black "ZbynioG"]
[Result "0-1"]
[WhiteCountry "VEN"]
[BlackCountry "POL"]
[WhiteElo "1694"]
[WhiteRD "67"]
[BlackElo "2090"]
[BlackRD "78"]
[GameID "133813"]

1. e4 c6 2. d4 d5 3. exd5 cxd5 4. c4 Nf6 5. Nc3 Nc6 6. Nf3 g6 7. Qb3 e6 8. cxd5 Nxd5 9. Bb5 Bg7 10. Nxd5 Qxd5
11. Qxd5 exd5 12. Ne5 Bxe5 13. dxe5 O-O 14. O-O Nxe5 15. Bf4 Nc6 16. Rfe1 Bf5 17. Rad1 Rfe8 18. Rxe8+ Rxe8 19. f3 a6 20. Ba4 Be6
21. Be5 b5 22. Bb3 Nxe5
0-1

[Event "Caro-Kann Blitz"]
[Site "SchemingMind.com"]
[Date "2007.12.17"]
[Round "-"]
[White "Daniel Reboredo"]
[Black "ZbynioG"]
[Result "0-1"]
[WhiteCountry "ARG"]
[BlackCountry "POL"]
[WhiteElo "1756"]
[WhiteRD "110"]
[BlackElo "2020"]
[BlackRD "88"]
[GameID "133814"]

1. e4 c6 2. d4 d5 3. exd5 cxd5 4. Bd3 Nc6 5. c3 g6 6. Bf4 Bg7 7. Nd2 Nh6 8. Ngf3 O-O 9. O-O f6 10. Re1 Nf7
11. h3 e5 12. Bg3 e4 13. Nxe4 dxe4 14. Bxe4 Re8 15. Qb3 Na5 16. Qc2 f5 17. Bd3 Be6 18. b4 Nc6 19. h4 Qf6 20. Ng5 Bd5
21. Nxf7 Bxf7 22. b5 Na5
0-1

[Event "Caro-Kann Blitz"]
[Site "SchemingMind.com"]
[Date "2007.12.17"]
[Round "-"]
[White "mmccaffe"]
[Black "ZbynioG"]
[Result "0-1"]
[WhiteCountry "USA"]
[BlackCountry "POL"]
[WhiteElo "1494"]
[WhiteRD "66"]
[BlackElo "2020"]
[BlackRD "88"]
[GameID "133815"]

1. e4 c6 2. d4 d5 3. exd5 cxd5 4. Bd3 Nc6 5. c3 g6 6. h3 Bg7 7. Nf3 Nh6 8. O-O O-O 9. Bf4 f6 10. Bh2 Nf7
11. Nbd2 Re8 12. Re1 e5 13. dxe5 fxe5 14. Bb5 Qb6 15. Bxc6 bxc6 16. Nb3 Bf5 17. Qd2 Rad8 18. Rad1 a5 19. a4 Qxb3
0-1

[Event "Caro-Kann Blitz"]
[Site "SchemingMind.com"]
[Date "2007.12.18"]
[Round "-"]
[White "jedeve"]
[Black "jdcald13"]
[Result "0-1"]
[WhiteCountry "NED"]
[BlackCountry "USA"]
[WhiteElo "1614"]
[WhiteRD "83"]
[BlackElo "1948"]
[BlackRD "47"]
[GameID "133817"]

1. e4 c6 2. d4 d5 3. Nc3 dxe4 4. Nxe4 Nd7 5. Nf3 Ngf6 6. Bd3 Nxe4 7. Bxe4 Nf6 8. Bd3 Bg4 9. Be3 e6 10. a3 Be7
11. O-O O-O 12. h3 Bh5 13. Re1 Nd5 14. Bd2 Qb6 15. Rb1 Bxf3 16. Qxf3 Qxd4 17. Re4 Qf6 18. Qg3 Rad8 19. c4 Bd6 20. Qg4 Ne7
21. Bc3 e5 22. Rf4 Qxf4 23. Qxf4 exf4 24. Rd1 Ng6 25. Kf1 Rfe8 26. Ba5 b6 27. Bd2 Be5 28. b4 Rxd3
0-1

[Event "Caro-Kann Blitz"]
[Site "SchemingMind.com"]
[Date "2007.12.17"]
[Round "-"]
[White "jedeve"]
[Black "Shaka"]
[Result "1-0"]
[WhiteCountry "NED"]
[BlackCountry "VEN"]
[WhiteElo "1614"]
[WhiteRD "83"]
[BlackElo "1694"]
[BlackRD "67"]
[GameID "133818"]

1. e4 c6 2. d4 d5 3. exd5 cxd5 4. c4 Nf6 5. Nc3 Nc6 6. Nf3 e6 7. Bg5 Be7 8. Be2 O-O 9. O-O dxc4 10. Bxc4 a6
11. Re1 h6 12. Bh4 b5 13. Bb3 Bb7 14. Ne5 Nd7 15. Bxe7 Nxe7 16. h3 Nf5 17. Ne4 Nf6 18. Nxf6+ gxf6 19. Qg4+ Kh8 20. Bxe6 Rg8
21. Nxf7+
1-0

[Event "Caro-Kann Blitz"]
[Site "SchemingMind.com"]
[Date "2007.12.17"]
[Round "-"]
[White "jedeve"]
[Black "Daniel Reboredo"]
[Result "0-1"]
[WhiteCountry "NED"]
[BlackCountry "ARG"]
[WhiteElo "1614"]
[WhiteRD "83"]
[BlackElo "1837"]
[BlackRD "85"]
[GameID "133819"]

1. e4 c6 2. d4 d5 3. Nc3 dxe4 4. Nxe4 Bf5 5. Ng3 Bg6 6. h4 h6 7. Nf3 Nf6 8. Ne5 Bh7 9. Bc4 e6 10. a3 Be7
11. O-O O-O 12. c3 Nbd7 13. Bf4 Nxe5 14. Bxe5 Nd7 15. Bf4 Bxh4 16. Qg4 Bg5 17. Bxg5 Qxg5 18. Qxg5 hxg5 19. Rfe1 Nb6 20. Bb3 Rfe8
21. Rad1 Kf8 22. Re3 Nd5 23. Bxd5 exd5 24. Rde1 Rxe3 25. Rxe3 Re8 26. Rxe8+ Kxe8 27. Kf1 f5 28. Nh5 f4 29. g3 Bg6 30. g4 Bxh5
31. gxh5 g4 32. Kg2 Kf8 33. b3 Kg8 34. c4 b5 35. cxd5 cxd5 36. a4 bxa4 37. bxa4 Kh7
0-1

[Event "Caro-Kann Blitz"]
[Site "SchemingMind.com"]
[Date "2007.12.17"]
[Round "-"]
[White "jedeve"]
[Black "ZbynioG"]
[Result "0-1"]
[WhiteCountry "NED"]
[BlackCountry "POL"]
[WhiteElo "1614"]
[WhiteRD "83"]
[BlackElo "2090"]
[BlackRD "78"]
[GameID "133820"]

1. e4 c6 2. d4 d5 3. e5 Bf5 4. c3 e6 5. Be3 Qb6 6. Qb3 Nd7 7. Nd2 f6 8. Ngf3 fxe5 9. dxe5 Qc7 10. Bd4 Nh6
11. Ng5 Be7 12. Ngf3 O-O 13. Be2 Nf7 14. O-O c5 15. Be3 Nfxe5 16. Nxe5 Nxe5 17. Bf4 c4 18. Qd1 Bd6 19. h3 Nd3 20. Bxd3 Bxd3
21. Bxd6 Qxd6 22. Re1 Rae8 23. Nf3 Qf4 24. Qc1 Qf6 25. Qe3 Be4 26. Nd2 Bf5 27. Re2 b5 28. Qxa7 b4 29. cxb4 Qxb2 30. Rae1 Bd3
31. Rxe6 Rxe6 32. Rxe6 Qxd2 33. Qe3 Qxe3 34. Rxe3 d4 35. Re1 Bc2 36. Kf1 d3 37. Ra1 Re8 38. a4 d2
0-1

[Event "Caro-Kann Blitz"]
[Site "SchemingMind.com"]
[Date "2007.12.17"]
[Round "-"]
[White "jedeve"]
[Black "mmccaffe"]
[Result "1/2-1/2"]
[WhiteCountry "NED"]
[BlackCountry "USA"]
[WhiteElo "1614"]
[WhiteRD "83"]
[BlackElo "1567"]
[BlackRD "55"]
[GameID "133821"]

1. e4 c6 2. d4 d5 3. Nc3 dxe4 4. Nxe4 Nd7 5. Nf3 Ngf6 6. Nxf6+ Nxf6 7. Bc4 e6 8. Bg5 Be7 9. O-O O-O 10. Re1 Nd5
11. Bxe7 Qxe7 12. Ne5 Nb6 13. Bb3 Nd7 14. c4 Nxe5 15. Rxe5 Qc7 16. Qe2 Bd7 17. Rd1 b5 18. cxb5 cxb5 19. Rc5 Qb7 20. Rdc1 Rac8
21. Rxc8 Rxc8=
1/2-1/2

[Event "Caro-Kann Blitz"]
[Site "SchemingMind.com"]
[Date "2007.12.19"]
[Round "-"]
[White "jdcald13"]
[Black "jedeve"]
[Result "1-0"]
[WhiteCountry "USA"]
[BlackCountry "NED"]
[WhiteElo "1948"]
[WhiteRD "47"]
[BlackElo "1614"]
[BlackRD "83"]
[GameID "133822"]

1. e4 c6 2. d4 d5 3. exd5 cxd5 4. c4 Nf6 5. Nc3 e6 6. Nf3 Bb4 7. Bd3 O-O 8. O-O Nc6 9. Bg5 h6 10. Bxf6 Qxf6
11. cxd5 Bxc3 12. dxc6 Bxd4 13. Nxd4 Rd8 14. Nf3 bxc6 15. Qe2 Bb7 16. Be4 Rd7 17. Rfd1 Rad8 18. Rxd7 Rxd7 19. Rd1 Rxd1+ 20. Qxd1 Qxb2
21. Qd8#
1-0

[Event "Caro-Kann Blitz"]
[Site "SchemingMind.com"]
[Date "2007.12.18"]
[Round "-"]
[White "Shaka"]
[Black "jedeve"]
[Result "1-0"]
[WhiteCountry "VEN"]
[BlackCountry "NED"]
[WhiteElo "1694"]
[WhiteRD "67"]
[BlackElo "1614"]
[BlackRD "83"]
[GameID "133823"]

1. e4 c6 2. d4 d5 3. exd5 cxd5 4. c4 Nf6 5. Nc3 Nc6 6. Nf3 Bg4 7. h3 Bh5 8. Be2 e6 9. Qb3 Rb8 10. c5 Bxf3
11. Bxf3 Nxd4 12. Qa4+ Nc6 13. b4 a6 14. O-O Be7 15. Re1 O-O 16. Bf4 Ra8 17. Rad1 d4 18. Bxc6 bxc6 19. Qxc6 Qd7 20. Qxd7 Nxd7
21. Rxd4 Bf6 22. Rxd7 Bxc3 23. Bd2 Bxd2 24. Rxd2 Rab8 25. Re4 Rfd8 26. Rdd4 Kf8 27. Kf1 Ke7 28. Ke2 f6 29. f4 g6 30. Ke3 f5
31. Rxd8 Rxd8 32. Rd4 Rxd4 33. Kxd4 Kd7 34. Ke5 Ke7 35. c6 h6 36. a4
1-0

[Event "Caro-Kann Blitz"]
[Site "SchemingMind.com"]
[Date "2007.12.18"]
[Round "-"]
[White "Daniel Reboredo"]
[Black "jedeve"]
[Result "1-0"]
[WhiteCountry "ARG"]
[BlackCountry "NED"]
[WhiteElo "1837"]
[WhiteRD "85"]
[BlackElo "1614"]
[BlackRD "83"]
[GameID "133824"]

1. e4 c6 2. d4 d5 3. f3 g6 4. Nc3 Bg7 5. Be3 Qb6 6. Qd2 Qxb2 7. Rb1 Qa3 8. exd5 Nf6 9. dxc6 Nxc6 10. Nb5 Qxa2
11. Qc1 O-O 12. Ra1 Qd5 13. Nc7 Qd6 14. Nxa8 Qb8 15. Nb6 axb6 16. c3 Bf5 17. Qb2 Nd5 18. Bf2 Re8 19. Bc4 Nf4 20. g3 Nh3
21. Qa2 Nxf2 22. Bxf7+ Kf8 23. Bxe8 Nd3+ 24. Ke2 Qxe8 25. f4 Qd8 26. Nf3 Na5 27. Rhd1 Qd7 28. Rxd3 Bg4 29. Re3 Qb5+ 30. Kf2 Nc4
31. Qe2 Qd5 32. Rxe7 Bxf3 33. Re8+
1-0

[Event "Caro-Kann Blitz"]
[Site "SchemingMind.com"]
[Date "2007.12.17"]
[Round "-"]
[White "ZbynioG"]
[Black "jedeve"]
[Result "1-0"]
[WhiteCountry "POL"]
[BlackCountry "NED"]
[WhiteElo "2090"]
[WhiteRD "78"]
[BlackElo "1614"]
[BlackRD "83"]
[GameID "133825"]

1. e4 c6 2. d4 d5 3. e5 Bf5 4. Nc3 e6 5. g4 Bg6 6. Nge2 f6 7. Nf4 Bf7 8. Qe2 Bb4 9. Bd2 Ne7 10. exf6 gxf6
11. Nxe6 Bxe6 12. Qxe6 Qd7 13. Qxf6 Rf8 14. Qh4 Qe6+ 15. Be2 Nd7 16. O-O Bxc3 17. Bxc3 O-O-O 18. Rae1 Qg6 19. Qxe7 Rde8 20. Qh4 Nf6
21. Bd3 Qxg4+ 22. Qxg4+ Nxg4 23. Rxe8+ Rxe8 24. Bf5+
1-0

[Event "Caro-Kann Blitz"]
[Site "SchemingMind.com"]
[Date "2007.12.18"]
[Round "-"]
[White "mmccaffe"]
[Black "jedeve"]
[Result "0-1"]
[WhiteCountry "USA"]
[BlackCountry "NED"]
[WhiteElo "1567"]
[WhiteRD "55"]
[BlackElo "1614"]
[BlackRD "83"]
[GameID "133826"]

1. e4 c6 2. d4 d5 3. exd5 cxd5 4. Bd3 Nc6 5. c3 Nf6 6. h3 h6 7. Nf3 e6 8. Bf4 Bd6 9. Bxd6 Qxd6 10. O-O O-O
11. Re1 Re8 12. Nbd2 e5 13. dxe5 Nxe5 14. Nxe5 Rxe5 15. Rxe5 Qxe5 16. Qe1 Qg5 17. Kh1 Bf5 18. Bxf5 Qxf5 19. Nf3 Re8 20. Qf1 Qc2
21. Qd1 Qxf2 22. Qd2 Re2
0-1

[Event "Caro-Kann Blitz"]
[Site "SchemingMind.com"]
[Date "2007.12.18"]
[Round "-"]
[White "Stavrogin"]
[Black "jdcald13"]
[Result "1-0"]
[WhiteCountry "GER"]
[BlackCountry "USA"]
[WhiteElo "2159"]
[WhiteRD "74"]
[BlackElo "1948"]
[BlackRD "47"]
[GameID "133828"]

1. e4 c6 2. d4 d5 3. e5 Bf5 4. Nf3 e6 5. Be2 c5 6. Be3 cxd4 7. Nxd4 Ne7 8. Bg5 Qa5+ 9. Nc3 Bg6 10. Nb3 Qb6
11. h4 h6 12. Be3 Qd8 13. Nb5 Nec6 14. c4 Bb4+ 15. Kf1 O-O 16. cxd5 exd5 17. a3 Be7 18. f4 Na6 19. Rc1 Be4 20. Nc3 Nc7
21. Nxe4 dxe4 22. Qxd8 Rfxd8 23. Kf2 Nd5 24. Rc4 f5 25. h5 Nxe3 26. Kxe3 a5 27. g4 a4 28. Nc1 Nxe5 29. fxe5 b5 30. Rc2 Bg5+
31. Kf2 e3+ 32. Kg3 f4+ 33. Kf3 Rd5 34. Nd3 Rad8 35. Nb4 Rd2 36. Bxb5 Rxc2 37. Nxc2 Rd2 38. Bxa4 Rf2+ 39. Ke4 e2 40. Bb5 f3
41. Nd4 Bd2 42. e6 Kf8 43. Nf5 Bg5 44. b4 Rh2 45. Rc1
1-0

[Event "Caro-Kann Blitz"]
[Site "SchemingMind.com"]
[Date "2007.12.17"]
[Round "-"]
[White "Stavrogin"]
[Black "Shaka"]
[Result "1-0"]
[WhiteCountry "GER"]
[BlackCountry "VEN"]
[WhiteElo "2159"]
[WhiteRD "74"]
[BlackElo "1694"]
[BlackRD "67"]
[GameID "133829"]

1. e4 c6 2. d4 d5 3. e5 e6 4. Bd3 c5 5. c3 Nc6 6. Ne2 Qb6 7. O-O cxd4 8. cxd4 Bd7 9. Nbc3 Nge7 10. Be3 Ng6
11. a3 Be7 12. b4 a6 13. Na4 Qd8 14. Rc1 a5 15. b5 Na7 16. Qb3 O-O 17. Nc5
1-0

[Event "Caro-Kann Blitz"]
[Site "SchemingMind.com"]
[Date "2007.12.17"]
[Round "-"]
[White "Stavrogin"]
[Black "Daniel Reboredo"]
[Result "1-0"]
[WhiteCountry "GER"]
[BlackCountry "ARG"]
[WhiteElo "2159"]
[WhiteRD "74"]
[BlackElo "1837"]
[BlackRD "85"]
[GameID "133830"]

1. e4 c6 2. d4 d5 3. e5 Bf5 4. Nf3 Bg4 5. Nbd2 e6 6. h3 Bxf3 7. Nxf3 Qb6 8. c3 c5 9. Qb3 c4 10. Qc2 Ne7
11. b3 cxb3 12. axb3 Nd7 13. Ba3 Nc6 14. Bd3 Bxa3 15. Rxa3 h6 16. O-O O-O 17. b4 Rac8 18. Qd2 a6 19. Bb1 Rfe8 20. Qd3 Nf8
21. Nd2 Nb8 22. f4 Nbd7 23. Kh1 Qc7 24. f5 Nb6 25. Qe3 Qd8 26. f6 g5 27. h4 Nh7 28. Qd3 Nf8 29. hxg5 hxg5 30. Qh3
1-0